HAND BOOK OF CLINICAL MESSAGE A COMPLETE GUIDE FOR STUDENTS AND PRACTIINS (Record no. 8289)

MARC details
000 -LEADER
fixed length control field 00323nam a2200121Ia 4500
008 - FIXED-LENGTH DATA ELEMENTS--GENERAL INFORMATION
fixed length control field 220613s9999||||xx |||||||||||||| ||und||
100 ## - MAIN ENTRY--PERSONAL NAME
Author Name M P CARRAR
245 #0 - TITLE STATEMENT
Title HAND BOOK OF CLINICAL MESSAGE A COMPLETE GUIDE FOR STUDENTS AND PRACTIINS
260 ## - PUBLICATION, DISTRIBUTION, ETC. (IMPRINT)
Name of publisher CHURCHILL
300 ## - PHYSICAL DESCRIPTION
Page No 351
650 ## - SUBJECT ADDED ENTRY--TOPICAL TERM
Subject Physiotherapy
942 ## - ADDED ENTRY ELEMENTS (KOHA)
Koha item type Para Clinical
Holdings
Withdrawn status Lost status Source of classification or shelving scheme Damaged status Not for loan Home library Current library Total Checkouts Barcode Copy number Koha item type
    Dewey Decimal Classification     SRHU Library System SRHU Library System   CL0012629 1 Physiotherapy
Designed & Maintained by: SRHU Library System
Central Library, Contact: